| 000 | 004390000a22001810004500 | ||
|---|---|---|---|
| 003 | MACL | ||
| 005 | 20160128170221.0 | ||
| 008 | 160128b xxu||||| |||| 00| 0 eng d | ||
| 040 |
_aMACL _cmalc |
||
| 041 | _aEnglish | ||
| 082 | _a910/NAI | ||
| 100 |
_aNaipaul, V S _934743 |
||
| 245 | _aIndia A Wounded Civilization | ||
| 260 |
_bPenguin Books _c1979 _aCalcutta |
||
| 350 | _a200 | ||
| 650 |
_aTravel _935106 |
||
| 942 |
_cBK _k910/NAI _2ddc |
||
| 999 |
_c32016 _d32016 |
||